Normal view
MARC view
- ADAPTIVE COMPUTING SYSTEMS. FIELD PROGRAMMABLE GATE ARRAY.CRYPTOGRAPHY
Entry Topical Term
001 - CONTROL NUMBER
- control field: 62058
003 - CONTROL NUMBER IDENTIFIER
- control field: NUST
005 - DATE AND TIME OF LATEST TRANSACTION
- control field: 20210628202852.0
008 - FIXED-LENGTH DATA ELEMENTS
- fixed length control field: 210628|| aca||aabn | a|a d
040 ## - CATALOGING SOURCE
- Original cataloging agency: NUST
- Transcribing agency: NUST
150 ## - HEADING--TOPICAL TERM
- Topical term or geographic name entry element: ADAPTIVE COMPUTING SYSTEMS. FIELD PROGRAMMABLE GATE ARRAY.CRYPTOGRAPHY
670 ## - SOURCE DATA FOUND
- Source citation: Work cat.: (NUST): Saqib, N.A, Perez, Arturo Diaz, Rodriguez-Henriquez, Francisco 62057, Cryptographic algorithms on reconfigurable hardware, 2006
